000
00211nam a22000857a 4500
008
161216b xxu||||| |||| 00| 0 eng d
100
_9
2088
_a
Sha
245
_a
Hindi Story
260
_a
New Delhi
_b
M.N. Publications
_c
2011
999
_c
4967
_d
4967